Помогнете на детето си да развие своята самоувереност! (Запис номер 372653)
[ съкратено ]
| 000 -Лидер | |
|---|---|
| Контролно поле с фиксирана дължина | 01870nam a22003497a 4500 |
| 003 - Код на организацията, давaща контролен номер | |
| Контролно поле | BLK |
| 005 - Дата и час на последна редакция | |
| Контролно поле | 20240912125650.0 |
| 008 - Елементи от данни с фиксирана дължина | |
| fixed length control field | 200702b bu ||||| |||| 00| 0 bu d |
| 020 ## - Международен стандартен номер на книга ISBN | |
| Международен стандартен номер на книга ISBN | 978-619-7386-43-1 |
| 040 ## - Източник на каталожния запис | |
| Идентификатор на билиотеката - собственик на записа | BLK |
| 041 ## - Код за език | |
| Код за езика на текст/звукозапис или на отделно заглавие | Български |
| Код за езика КДБФ | Български |
| 080 ## - УДК | |
| Текстов определител УДК | Основни форми на възпитание и образование |
| УДК код - определител по УДК | 37.018 |
| УДК - код + определител | 37.018 |
| 080 ## - УДК | |
| Текстов определител УДК | Психология на детската възраст. Интелектуално развитие на децата. Психически особености. Детски представи, описани в разкази |
| УДК код - определител по УДК | 159.922.7 |
| УДК - код + определител | 159.922.7 |
| 100 ## - Редна дума - Автор | |
| R(LIN) | 1299 |
| Автор | Рьориг, Корин |
| Авторска отговорност | първи автор |
| 139 ## - Редно поле | |
| Редна дума | Рьориг, Корин |
| Авторски знак | Ръс - Р 98 |
| 245 ## - Сведения за заглавието | |
| Заглавие | Помогнете на детето си да развие своята самоувереност! |
| Подзаглавни данни | Изслушвайте, разбирайте, окуражавайте. |
| Редно поле (дума) | Корин Рьориг ; ил. Ванеса Робиду ; прев. [от фр. ез.] Камелия Иванова |
| 257 ## - Страна на издаване | |
| Страна на създаване/издаване | Франция |
| 260 ## - Област на издателските данни | |
| 9 (RLIN) | 216689 |
| Място на издаване, разпространение и проч. | София |
| Име на издателя, разпространителя и проч. | Клевър Бук |
| Година на издаване | 2019 |
| Издателство - префикс ISBN | 978-954-9749- |
| 300 ## - Физическа характеристика | |
| Страници | 79 с |
| Илюстрации и др. | с цв. ил |
| Размери/Мащаб | 21 см |
| 380 ## - Жанр | |
| Жанр | Обществени науки |
| 490 ## - СЕРИИ (Колекции) | |
| 9 (RLIN) | 486198 |
| Име на серия | Ефективният родител |
| ISSN | C634-8009 |
| 500 ## - Общи забележки | |
| Забележка | Без сведение за ориг. загл. - Биогр. данни за авт. отбелязани на гърба на кор. |
| 650 #0 - Допълнително описание по предмет – тема | |
| 9 (RLIN) | 263959 |
| Основно описание – тема или топоним | Семейно възпитание |
| 653 #7 - Ключова дума – ненормативна | |
| 9 (RLIN) | 184832 |
| Ключова дума | детска психология |
| 700 ## - Други автори (авторска отговорност) | |
| 9 (RLIN) | 599 |
| Лично име | Робиду, Ванеса |
| Автороска отговорност (Описва отношението между автора и произведението) | ил. |
| 700 ## - Други автори (авторска отговорност) | |
| 9 (RLIN) | 1177 |
| Лично име | Иванова, Камелия Тошкова |
| Автороска отговорност (Описва отношението между автора и произведението) | прев. от фр. |
| 852 ## - Местоположение | |
| Форматна сигнатура | Цб 300272 |
| Фондова буква | Хранилище |
| 856 ## - Електронен адрес и достъп | |
| Инструкция (цена за достъп) | 0.00 |
| Права за достъп | disable |
| 999 ## - СИСТЕМНИ КОНТРОЛНИ НОМЕРА | |
| Koha biblionumber | 372653 |
| Koha biblioitemnumber | 372653 |
| 942 ## - АРТИКУЛИ | |
| Вид на библиотечния материал | Книги |
| Скрит в OPAC | Не |
| Периодичен библиозапис | Да |
| Koha issues (borrowed), all copies | 4 |
| 944 ## - СЪЗДАВАНЕ И РЕДАКЦИЯ на ЗАПИСА | |
| Създаване/Редакция | Създаване |
| Дата на регистрацията/редакция | 2020-07-02 |
| Служител, извършил регистрацията/редакцията | 30564 |
| Статус, дата на статуса | Галина Якимова |
| 999 ## - СИСТЕМНИ КОНТРОЛНИ НОМЕРА | |
| Koha biblioitemnumber | 372653 |
| Код за отписване | Код за изгубен артикул | Източник на класификационната схема | Код за повреда | Коз за рестрикции | Код за отдаване | Артикулен № | Име на библиотеката - собственик | Име на библиотеката, в която се намира в момента | Статус (Текущо местоположение) | Дата на вписване в системата | Местоположение - отдел | Цена в лева | Инвентарен номер | Систематично азбучна сигнатура | Баркод | Цена в евро | Служебен тип на артикула |
|---|---|---|---|---|---|---|---|---|---|---|---|---|---|---|---|---|---|
| Не е изгубен | Universal Decimal Classification | Не е повреден | само за читалня | ползва се в читалня | 781285 | Регионална библиотека "Любен Каравелов" Русе | Регионална библиотека "Любен Каравелов" Русе | Хранилище | 2020-07-06 | Хранилище | 12.90 | 120000845177 | Цб 300272 | 120000845177 | 6.60 | Книги | |
| Не е изгубен | Universal Decimal Classification | Не е повреден | без рестрикции | заемане за дома | 922828 | Регионална библиотека "Любен Каравелов" Русе | Регионална библиотека "Любен Каравелов" Русе | Заемна - подръчен фонд | 2023-02-02 | Заемна - подръчен фонд | 9.68 | 37.018/Р 98 К | 120000882390 | 4.95 | Книги | ||
| Не е изгубен | Universal Decimal Classification | Не е повреден | без рестрикции | заемане за дома | 922829 | Регионална библиотека "Любен Каравелов" Русе | Регионална библиотека "Любен Каравелов" Русе | Заемна - подръчен фонд | 2023-02-02 | Заемна - подръчен фонд | 9.68 | 37.018/Р 98 К | 120000882389 | 4.95 | Книги |